QUEST Central Library Banner

Effect of Inclusion of Rice Husk on The Shrinkage Behaviour of Unbaked Compressed Earth Blocks (Record no. 66693)

MARC details
000 -LEADER
fixed length control field 00419nam a22001217a 4500
100 ## - MAIN ENTRY--AUTHOR NAME
Personal name Shermeen Amjad
-- 15MESTR10
-- Supervisor - Dr . Nawab Ali Lakho
245 ## - TITLE STATEMENT
Title Effect of Inclusion of Rice Husk on The Shrinkage Behaviour of Unbaked Compressed Earth Blocks
260 ## - PUBLICATION, DISTRIBUTION, ETC. (IMPRINT)
Place of publication Nawabshah
Name of publisher QUEST
Year of publication 2019
300 ## - PHYSICAL DESCRIPTION
Number of Pages 40
700 ## - ADDED ENTRY--PERSONAL NAME
Personal name Department of Civil engineering
856 ## - ELECTRONIC LOCATION AND ACCESS
Uniform Resource Identifier http://tinyurl.com/4ekurkc5
942 ## - ADDED ENTRY ELEMENTS (KOHA)
Koha item type Thesis and Dissertation
Holdings
Withdrawn status Lost status Home library Current library Date acquired Full call number Accession Number Koha item type
    Central Library, QUEST, Nawabshah Research Section 24/11/2020 R/IMS-19 MP/58-742 Thesis and Dissertation

Copyright © 2018,The QUEST, Nawabshah, Shaheed Benazirabad. All rights reserved
Mr. G. Farooq Channar (Librarian) QUEST, Nawabshah, Sindh, Pakistan 67480.
 Ph#: |   0244-9370381-4 Ext. 2308   Email| lib@quest.edu.pk   Web|  http://www.quest.edu.pk